000 00916nam a2200277 a 4500
001 BRCA_342
005 20190320202952.0
008 720420s1964 nyua---##b---#000-0#eng-d
020 _a0257657827
040 _aDLC
_cDLC
_dDLC
050 4 _aNK4085
_b.G63 1964
100 1 _aGodden, Geoffrey A.
_91135
245 1 0 _aEncyclopaedia of British Pottery and Porcelain Marks
_cby Geoffrey A. Godden.
260 _aLondres
_bbarnie & Jenkins
_c[1964]
300 _a765 p.
_bil., mapas
_c26 cm.
500 _aÍndice de los signos y los dispositivos, índice de monogramas y glosario
500 _aPostscript
500 _aDonación Consejo Británico
504 _aBibliografía : p. 741-744
650 1 4 _aCerámica británica
_vDiccionarios
_91136
650 1 4 _aPorcelana británica
_vDiccionarios
_91137
650 1 4 _aCerámica
_xMarcas
_91138
650 1 4 _aPorcelana
_xMarcas
_91139
902 _aDCB
942 _2lcc
_cB
999 _c279
_d279